An Elementary Introduction to Mathematical Finance (Record no. 18394)

MARC details
000 -LEADER
fixed length control field 00472nam a22001697a 4500
008 - FIXED-LENGTH DATA ELEMENTS--GENERAL INFORMATION
fixed length control field 200730b xxu||||| |||| 00| 0 eng d
020 ## - INTERNATIONAL STANDARD BOOK NUMBER
International Standard Book Number 0521192538
050 ## - LIBRARY OF CONGRESS CALL NUMBER
Classification number HG4515.3
Item number .R67 2011 c.1
100 ## - MAIN ENTRY--PERSONAL NAME
Personal name Ross, Sheldon
Dates associated with a name 1943
245 ## - TITLE STATEMENT
Title An Elementary Introduction to Mathematical Finance
250 ## - EDITION STATEMENT
Edition statement 3rd ed.
260 ## - PUBLICATION, DISTRIBUTION, ETC. (IMPRINT)
Place of publication, distribution, etc. New York
Name of publisher, distributor, etc. Cambridge
Date of publication, distribution, etc. 2011
300 ## - PHYSICAL DESCRIPTION
Extent xv, 301p.
650 ## - SUBJECT ADDED ENTRY--TOPICAL TERM
Topical term or geographic name as entry element Investments
Form subdivision Mathematics
650 ## - SUBJECT ADDED ENTRY--TOPICAL TERM
Topical term or geographic name as entry element Stochastic analysis
942 ## - ADDED ENTRY ELEMENTS (KOHA)
Source of classification or shelving scheme Library of Congress Classification
Koha item type General Collection
Holdings
Withdrawn status Lost status Source of classification or shelving scheme Not for loan Home library Current library Date acquired Cost, normal purchase price Total Checkouts Full call number Barcode Date last seen Price effective from Koha item type
    Library of Congress Classification   Kabarak, Main Campus Kabarak, Main Campus 30/07/2020 5494.00   HG4515.3 .R67 2011 c.1 028945 30/07/2020 30/07/2020 General Collection
    Library of Congress Classification   Kabarak, Main Campus Kabarak, Main Campus 30/07/2020 5494.00   HG4515.3 .R67 2011 c.2 028946 30/07/2020 30/07/2020 General Collection
    Library of Congress Classification   Kabarak, Nakuru City Campus Kabarak, Nakuru City Campus 30/07/2020 5494.00   HG4515.3 .R67 2011 c.1 028947 30/07/2020 30/07/2020 General Collection
Designed with assistance from East African Informatics Ltd